Essays in medieval life and thought : (Record no. 21124)
[ view plain ]
| 000 -LEADER | |
|---|---|
| fixed length control field | 00914nam a22002771 4500 |
| 001 - CONTROL NUMBER | |
| control field | 21124 |
| 003 - CONTROL NUMBER IDENTIFIER | |
| rucl marc code | BD-RjUL |
| 005 - DATE AND TIME OF LATEST TRANSACTION | |
| control field | 20211209000642.0 |
| 008 - FIXED-LENGTH DATA ELEMENTS--GENERAL INFORMATION | |
| fixed length control field | 140303s1955 nyuo 000 0 engs |
| 035 ## - SYSTEM CONTROL NUMBER | |
| System control number | (BD-RjUL)21188 |
| System control number | (OCoLC)1155046 |
| 040 ## - CATALOGING SOURCE | |
| Original cataloging agency | DLC |
| Transcribing agency | OCU |
| Modifying agency | BD-RjUL |
| -- | DLC |
| Language of cataloging | eng |
| 041 ## - LANGUAGE CODE | |
| Language code of text/sound track or separate title | eng |
| 082 ## - DEWEY DECIMAL CLASSIFICATION NUMBER | |
| Classification number | 940.104 |
| Author mark and year | ESS 1955 |
| 245 10 - TITLE STATEMENT | |
| Title | Essays in medieval life and thought : |
| Remainder of title | presented in honor of Austin Patterson Evans / |
| Statement of responsibility, etc. | Edited by John H. Mundy, Richard W. Emery [and] Benjamin N. Nelson. |
| 260 ## - PUBLICATION, DISTRIBUTION, ETC. (IMPRINT) | |
| Place of publication, distribution, etc. | New York : |
| Name of publisher, distributor, etc. | Columbia University Press, |
| Date of publication, distribution, etc. | 1955. |
| 300 ## - PHYSICAL DESCRIPTION | |
| Pagination | xviii, 258 p. |
| Illustrations | ill. ; |
| Size | 22 cm. |
| 600 10 - SUBJECT ADDED ENTRY--PERSONAL NAME | |
| Personal name | Evans, Austin P. |
| Fuller form of name | (Austin Patterson) |
| 650 #0 - SUBJECT ADDED ENTRY--TOPICAL TERM | |
| Topical term or geographic name as entry element | Middle Ages. |
| 9 (RLIN) | 65299 |
| 700 1# - ADDED ENTRY--PERSONAL NAME | |
| Personal name | Mundy, John Hine |
| Personal name | Emery, Richard W. |
| Personal name | Nelson, Benjamin N. |
| 942 ## - ADDED ENTRY ELEMENTS (KOHA) | |
| Source of classification or shelving scheme | Dewey Decimal Classification |
| Koha item type | Books |
| Lost status | Source of classification or shelving scheme | Damaged status | Not for loan | Collection code | Permanent Location | Current Location | Shelving location | Date acquired | Source of acquisition | Cost, normal purchase price | Total Checkouts | Full call number | Date last seen | Copy number | Koha item type |
|---|---|---|---|---|---|---|---|---|---|---|---|---|---|---|---|
| Dewey Decimal Classification | Added to bundle | Non-fiction | Central Library, University of Rajshahi | Central Library, University of Rajshahi | Reading Room | 24/09/1956 | Modern Book Supliers | 25.00 | 940.104 ESS 1955 | 03/03/2014 | C-1 | Books |